000 00496nam a2200181Ia 4500
003 GCL
008 140319s9999 xx 000 0 ara d
040 _aGCL /
_cGCL
082 0 4 _a239
_bع ا
100 1 _aعائشة عبدالرحمن
245 1 0 _aام النبى صلى اللة علية وسلم /
_cعائشة عبدالرحمن
300 _a172 ص
490 _a
650 0 4 _aالسيرة النبوية
650 0 4 _aالتراجم
650 0 4 _aام النبى
942 _2ddc
_cBK
999 _c39002
_d39002